=LDR 00000nam 2200000 4500 =001 INLIS000000000050144 =005 20170420085326.0 =006 =007 =008 =020 ##$$a 978 - 602 - 14307 - 2 - 9 =035 ##$$0010-041700000000334 =040 ##$$a NBPDMAT =082 ##$$a 371.3 =090 ##$$a 371.3 Set r =100 ##$$a Setyadi, Kelaswara =245 ##$$a Rumus SMA Super Lengkap / $c Kelaswara Setyadi =260 ##$$a Yogyakaarta : $b IstanaMedia , $c 2015 =300 ##$$a x,402 hlm. : $b ilus. ; $c 20 cm. =650 ##$$a Kumpulan Soal , Pelajaran